One way home /

Bibliographic Details
Main Author: Robbins, Susan Pepper
Format: Book
Language:English
Published: New York : Random House, [1993]
Edition:1st ed.
Subjects:

MARC

Tag First Indicator Second Indicator Subfields
LEADER 00000cam a2200000 a 4500
001 in00001144621
005 20150930094445.0
008 920623s1993 nyu 000 1 eng
010 |a  92050508  
019 |a 27294766 
020 |a 0679414045 (alk. paper) :  |c $17.00 ($21.50 Can.) 
035 |a (OCoLC)26214071 
035 |9 AGB3226AM 
040 |a DLC  |c DLC  |d OCL  |d TXA  |d UtOrBLW 
049 |a TXAM 
050 0 0 |a PS3568.O2325  |b R58 1993 
082 0 0 |a 813/.54  |2 20 
100 1 |a Robbins, Susan Pepper. 
245 1 0 |a One way home /  |c Susan Pepper Robbins. 
250 |a 1st ed. 
264 1 |a New York :  |b Random House,  |c [1993] 
264 4 |c ©1993 
300 |a viii, 175 pages ;  |c 22 cm. 
336 |a text  |b txt  |2 rdacontent 
337 |a unmediated  |b n  |2 rdamedia 
338 |a volume  |b nc  |2 rdacarrier 
650 0 |a Single mothers  |v Fiction. 
650 0 |a Divorced parents  |x Fiction. 
655 7 |a Domestic fiction.  |2 lcgft 
999 |a MARS 
999 f f |s 764663db-6b7d-3c88-8cd2-e7a275908406  |i 6b41ca97-ef6d-32dd-9d66-723a05eb8fb8  |t 0 
952 f f |p ric  |a Texas A&M University  |b Rellis Campus  |c Joint Library Facility  |d Remote Storage  |t 0  |e PS3568.O2325 R58 1993  |h Library of Congress classification  |i unmediated -- volume  |m A14817561909 
998 f f |a PS3568.O2325 R58 1993  |t 0  |l Remote Storage